|
|
|
|
| LEADER |
00000cam a2200000 a 4500 |
| 001 |
vtls001462089 |
| 003 |
SK-MaSNL |
| 005 |
20260425223847.0 |
| 008 |
240226s2003 xr o grhnd 000 0 cze |
| 020 |
|
|
|a 8086171167
|q (viazané)
|
| 035 |
|
|
|a SNK000417396
|
| 040 |
|
|
|a SNK
|b slo
|c SNK
|e AACR2
|
| 041 |
0 |
|
|a cze
|
| 043 |
|
|
|a e-xo---
|a e-xr---
|
| 044 |
|
|
|a xr
|c CZ
|
| 072 |
|
7 |
|a 72/76
|x Výtvarné umenie
|2 konspekt
|
| 080 |
|
|
|a 72
|2 2011
|
| 080 |
|
|
|a (437.6)
|2 2011
|
| 080 |
|
|
|a (437.3)
|2 2011
|
| 080 |
|
|
|a (031)929
|2 2011
|
| 245 |
0 |
0 |
|a Slovník českých a slovenských výtvarných umělců 1950-2003
|n XI. : Pau - Pop
|c editor Alena Malá
|
| 250 |
|
|
|a Vydání první
|
| 260 |
|
|
|a Ostrava
|b Výtvarné centrum Chagall
|c 2003
|
| 300 |
|
|
|a 371 strán
|b fotografie
|c 30 cm
|
| 366 |
|
|
|e 3000 kusov
|
| 490 |
1 |
|
|a Prameny a dokumenty
|
| 504 |
|
|
|a Obsahuje bibliografiu na strane 7-8
|
| 648 |
|
7 |
|a 1950-2003
|2 SNKPH
|9 352763
|
| 650 |
0 |
7 |
|a výtvarníci
|2 SNKPH
|9 118705
|
| 650 |
0 |
7 |
|a Artists
|2 SNKPHeng
|9 265151
|
| 651 |
|
7 |
|a Slovensko
|2 SNKPHgeo
|9 14231
|
| 651 |
|
7 |
|a Česko
|2 SNKPHgeo
|9 16753
|
| 651 |
|
7 |
|a Slovakia
|2 SNKPHeng
|9 92630
|
| 651 |
|
7 |
|a Czechia
|2 SNKPHeng
|9 170107
|
| 655 |
|
7 |
|a biografické slovníky
|2 SNKPH
|9 51960
|
| 655 |
|
7 |
|a Biographical dictionaries
|2 SNKPHeng
|9 278210
|
| 700 |
1 |
|
|a Malá, Alena,
|d 1937-
|4 edt
|9 214909
|
| 830 |
|
0 |
|a Prameny a dokumenty
|9 296483
|
| 919 |
|
|
|a 80-86171-16-7
|
| 958 |
|
|
|a CZ
|
| 958 |
|
|
|a OND
|
| 958 |
|
|
|a BX
|
| 958 |
|
|
|a BC
|
| 999 |
|
|
|c 597639
|d 599569
|
| 952 |
|
|
|a SNK
|b SNK
|y VYP
|7 0
|p 17A0403792
|o snkIB 70212/11
|i snkV 27/2004
|8 4
|g 38.41
|0 0
|1 0
|4 0
|d 2003-10-24
|f 1
|l 0
|r 2005-01-02 00:00:00
|w 2026-02-23
|
| 952 |
|
|
|t snkSLO/11 75:929(437.6)(031)
|a SNKUST
|b SNKUST
|y PREZ
|7 0
|p 17A0424304
|o snkIB 70212/11 D2
|i snkK 253/2004
|8 3
|g 49.76
|0 0
|1 0
|4 0
|d 2004-04-28
|l 0
|r 2025-03-21 00:00:00
|w 2026-02-23
|
| 952 |
|
|
|a SNKLM
|b SNKLM
|y NEVYP
|7 0
|p 17A0399570
|o snkIB 70212/11 D1
|i snkK 1297/2003
|8 3
|g 47.27
|3 Vrátené z príručnej knižnice
|0 0
|1 0
|4 0
|d 2004-02-05
|l 0
|r 2005-01-02 00:00:00
|w 2026-02-23
|